| 000 | 01070cam a22003494a 4500 | ||
|---|---|---|---|
| 001 | 14163935 | ||
| 005 | 20180125072143.0 | ||
| 008 | 051102s2007 njua 001 0 eng | ||
| 010 | _a 2005056962 | ||
| 015 |
_aGBA588314 _2bnb |
||
| 015 |
_aGBA596934 _2bnb |
||
| 015 |
_aGBA596935 _2bnb |
||
| 016 | 7 |
_a013315640 _2Uk |
|
| 016 | 7 |
_a013337705 _2Uk |
|
| 016 | 7 |
_a013337706 _2Uk |
|
| 020 | _a0471730513 (cloth : alk. paper) | ||
| 020 | _a0471750786 (pbk.) | ||
| 020 | _a0471750816 (pbk.) | ||
| 020 | _a9780471730514 | ||
| 035 | _a(OCoLC)ocm62132788 | ||
| 040 |
_aDLC _cDLC _dYDX _dUKM _dBAKER _dIXA _dVP@ _dDLC |
||
| 041 | _aeng | ||
| 042 | _apcc | ||
| 080 | _a657 pau | ||
| 082 | 0 | 0 |
_a657 pau _222 |
| 100 | 1 | _a62 | |
| 101 | _akon | ||
| 245 | 1 | 0 |
_aFinancial accounting : _cPaul D. Kimmel, Jerry J. Weygandt, Donald E. Kieso. |
| 906 |
_a7 _bcbc _corignew _d1 _eocip _f20 _gy-gencatlg |
||
| 942 |
_2ddc _cBK |
||
| 999 |
_c40938 _d40938 |
||